| 000 | 00573cam a2200205 4500 | ||
|---|---|---|---|
| 001 | D1449 | ||
| 008 | 090401t1982 xxu||||| |||| 00| 0 eng d | ||
| 035 | _a(Sirsi) u64082 | ||
| 041 | _aeng | ||
| 050 | _a696 | ||
| 100 | _aBillington, Neville S | ||
| 245 | _aBuilding services engineering: a review of its development | ||
| 260 |
_aOxford _bPergamon Press _c1982 |
||
| 300 | _axv. 527p. ill. 25cm | ||
| 350 | _a10 | ||
| 490 |
_aInternational Series on Building Environmental Engineering _vVolume 1 |
||
| 700 | _aRoberts, Brian M | ||
| 942 | _n0 | ||
| 948 | _c04/03/1997 | ||
| 999 |
_c94639 _d94639 |
||